000 00570nam a2200193Ia 4500
008 131103s9999 xx 000 0 und d
040 _aLoreto College
041 _aEnglish
082 _a822.33(ID)/S/WIL/822.33/Y7/SHA
_b#NAME?
100 _aWilson,John Dover
245 4 _aThe sonnets
_cJohn Dover Wilson
260 _aCambridge
_bCambridge University Press
_c1969
300 _acxxvi,273 p.
_c 20 cm.
504 _aIncludes bibliographical references
650 _aEnglish Sonnets
651 _aShakespeare, William - Sonnets
850 _aLCLIB
942 _cBK
999 _c4235
_d54714